| 000 | 00713nam a22002297a 4500 | ||
|---|---|---|---|
| 999 |
_c20790 _d20790 |
||
| 003 | AR-CdUCM | ||
| 008 | 190605b ||||| |||| 00| 0 spa d | ||
| 040 |
_aMUNICIPALIDAD PROVINCIAL DEL CUSCO _cBIBLIOTECA MUNICIPAL DEL CUSCO |
||
| 041 | _hfre | ||
| 082 |
_a843 / _bF77 |
||
| 100 |
_aFoville, Jean de _943417 |
||
| 245 |
_aLa sonata de bach : _bNovela / |
||
| 260 |
_aMadrid : _bRibadeneyra, _c1923. |
||
| 300 |
_a317 páginas ; _c19 cm. |
||
| 500 | _a[libro reempastado] | ||
| 505 | _aContenido: Novela. | ||
| 650 |
_aSonata de Bach _943418 |
||
| 650 |
_aNovela de Sonata _943419 |
||
| 700 |
_aGonsáles Fiol, E. (traducción) y Insúa, Alberto (prólogo) _943420 |
||
| 942 |
_2ddc _cLIBROS |
||
| 945 | _aAndy | ||